Statistics for Essendon Bombers Theme Song

Click here to take the quiz!

General Stats

  • This quiz has been taken 151 times
  • The average score is 46 of 53

Answer Stats

Answer% Correct
Bombers
99%
Bombers
99%
Bombers
99%
The
99%
The
99%
The
99%
The
99%
The
99%
Fly
98%
Fly
98%
Fly
98%
Up
98%
Up
98%
Up
98%
Up
98%
Up
98%
See
97%
See
97%
To
97%
Win
97%
Flag
96%
Premiership
94%
And
86%
Fame
84%
Glory
84%
Play
84%
For
83%
Game
83%
Our
83%
Boys
82%
This
82%
Always
81%
Are
81%
Old
80%
Grand
78%
They
78%
They
78%
They
78%
As
77%
Best
76%
Teams
76%
Try
76%
Other
75%
Who
75%
Can't
74%
Striving
74%
Their
74%
But
73%
Don't
69%
Fear
69%
Get
69%
Near
69%
All
68%

Score Distribution

Percentile by Number Answered

Percent of People with Each Score

Your Score History

You have not taken this quiz